000
00317nam a2200109Ia 4500
008
200302s9999 xx 000 0 und d
100
_a
Hans Banz
245
_a
Baukonstruktions-Details Building Construction Details , Details de Construction
260
_b
Karl Kramer Verlag Stuttgart
260
_c
1979
300
_a
272 P.,
999
_c
134
_d
134